Percy Jackson y los dioses del Olimpo : el mar de los monstruos /

Desde que sabe que es hijo de un dios y una mortal, Percy Jackson espera que el destino le depare continuas aventuras. Y su expectativa se cumplirá con creces. Aunque los días en la Escuela Meriwether transcurre con inusual normalidad, un simple partido de balón prisionero acaba en batalla campal co...

Descripción completa

Guardado en:
Autor Principal: Riordan, Rick.
Otros Autores: Rey, Santiago del; trad.
Formato: Libro
Idioma:Undetermined
Publicado: Buenos Aires : Salamandra, 2024.
Edición:2a ed.
Series:Salamandra bolsillo
Materias:
Etiquetas: Agregar Etiqueta
Sin Etiquetas, Sea el primero en etiquetar este registro!
LEADER 01524nam a22002415a 4500
001 CEM.cems024792
008 250711s2024####ag############000#0#und#d
005 20250711140815.0
245 1 0 |a Percy Jackson y los dioses del Olimpo :  |b el mar de los monstruos /  |c Rick Riordan. 
250 |a 2a ed. 
260 |a Buenos Aires :  |b Salamandra,  |c 2024. 
300 |a 253 p. 
490 1 |a Salamandra bolsillo 
500 |a Traducción: Santiago del Rey. 
500 |a Edad recomendada: a partir de 10 años. 
520 |a Desde que sabe que es hijo de un dios y una mortal, Percy Jackson espera que el destino le depare continuas aventuras. Y su expectativa se cumplirá con creces. Aunque los días en la Escuela Meriwether transcurre con inusual normalidad, un simple partido de balón prisionero acaba en batalla campal contra una banda de feroces gigantes. A partir de ahí, las cosas se precipitan: el perímetro mágico que protege el Campamento Mestizo es destruido por un misterioso enemigo y la única seguridad con que contaban los semidioses desaparece. Así, para impedir este daño irreparable, Percy y sus amigos inician la travesía del temible Mar de los Monstruos en busca de lo único que puede salvar el campamento: el Vellocino de Oro. 
020 |a 9789878000855 
100 1 |a Riordan, Rick. 
700 1 |a Rey, Santiago del; trad. 
653 |a Literatura infantil y juvenil 
653 |a Literatura estadounidense 
653 |a Novela de aventuras 
859 |a CEMS  |b BIB. CEMS - 11 de abril  |h 813.5  |i R585  |p 30134.25  |t Ej.1  |v II